| 000 | 00763cab a2200217 4500 | ||
|---|---|---|---|
| 001 | WB3445-01 | ||
| 008 | 090401t1998 xxu||||| |||| 00| 0 eng d | ||
| 035 | _a(Sirsi) u89958 | ||
| 041 | _aeng | ||
| 245 | _aInternet auction service | ||
| 260 | _c1998 | ||
| 350 | _a0 | ||
| 490 |
_aFinancial Times _v24 November 1998, 10(1) |
||
| 520 | _aNewsquest, the regional newspaper group, plans to hold auctions over the Internet. The scheme will start in the north-east with individuals buying and selling small items online. The venture will extend to the rest of the UK within a few months. | ||
| 650 |
_aAuctioneering _96218 |
||
| 650 | _aINTERNET AUCTIONS | ||
| 650 | _aONLINE SERVICES | ||
| 690 |
_aAuctioneering _96218 |
||
| 942 | _n0 | ||
| 948 | _c26/11/1998 | ||
| 999 |
_c56956 _d56956 |
||